000 00267nam a2200097Ia 4500
001 647129
005 20250826153656.0
008 250824s9999 xx 000 0 und d
245 0 _aLEVENT TÜRKİYEYİ GEZİYORUM 14 İZMİR DE
_cMUSTAFA ORAKÇI
260 _bTİMAŞ ÇOCUK
999 _c647129
_d647129